000 01128nam a22003375a 4500
999 _c23336
_d23336
001 vtls010333002
005 20221003080205.0
008 160610s2011 xo g 000 f slo
020 _a9788055128160 (viaz.)
035 _a201121D5-EBB4-4898-8DE1-B204FB1481D1
035 _aurn:nbn:sk:snk-amkw0m
035 _aurn:nbn:sk:snk-am002gut
040 _aSNK
_bslo
_cSNK
_dSVKBB
_eAACR2
041 0 _aslo
_heng
044 _axo
_cSK
072 7 _a821.111(73)-3
_xAmerická próza
_2konspekt
080 _a821.111(73)-31
_22001
080 _a(0:82-312.4)
_22001
100 1 _aGrisham, John,
_d1955-
_93361
240 1 4 _aThe Firme
_lSlovensky
245 1 0 _aFirma
_cJohn Grisham ; [z anglického originálu preložila Tamara Chovanová]
250 _a4. vyd.
260 _aBratislava
_bIkar
_c2011
300 _a380 s.
_c21 cm
655 7 _aamerické romány
_2SNKPH
_92
655 7 _adetektívne romány
_2SNKPH
_91710
655 7 _aAmerican fiction
_2SNKPHeng
_93
655 7 _aDetective novels
_2SNKPHeng
_91711
700 1 _aChovanová, Tamara,
_d1953-
_4trl
_91712